Light scattering from gels (1989 reviews) (Record no. 62180)

MARC details
000 -LEADER
fixed length control field 00343nam a2200133Ia 4500
100 ## - MAIN ENTRY--AUTHOR NAME
Personal name Patterson G D
245 #0 - TITLE STATEMENT
Title Light scattering from gels (1989 reviews)
260 ## - PUBLICATION, DISTRIBUTION, ETC. (IMPRINT)
Name of publisher Rubber Chemistry and Technology
Year of publication 1989
300 ## - PHYSICAL DESCRIPTION
Number of Pages 498-514
650 ## - SUBJECT ADDED ENTRY--TOPICAL TERM
Topical Term 1989 reviews
650 ## - SUBJECT ADDED ENTRY--TOPICAL TERM
Topical Term Gels
942 ## - ADDED ENTRY ELEMENTS (KOHA)
Koha item type Journals
Holdings
Withdrawn status Lost status Damaged status Not for loan Home library Current library Shelving location Date acquired Serial Enumeration / chronology Koha item type
      Journals RRII Library RRII Library Rubber chemistry 17/12/2021 Volume 62, Issue 3 Journals